000 00517nam a2200169 i 4500
001 23807
003 ES-MaACL
005 20230906152934.0
007 t|
008 021212s1970 mx ||||1| spa d
100 1 _aAnderson Imbert, Enrique.
_921476
245 1 0 _aHistoria de la literatura hispanoamericana /
_cpor Enrique Anderson Imbert.
250 _a2ª ed. [corr. y aum.].
260 _aMéxico :
_bFondo de Cultura Económica,
_c[1970]
300 _a2 v.. ;
_c18 cm.
852 _aES-MaACL
_jC-56683-4
_bR.89424
999 _c23807
_d23807